[Event "CRO-chT2 Ost"]
[Site "Croatia"]
[Date "2015.10.25"]
[Round "11.66"]
[White "Lukic, Milutin"]
[Black "Katic, Zeljko"]
[Result "0-1"]
[WhiteElo "1982"]
[BlackElo "2023"]
[PlyCount "116"]
[EventDate "2015.04.25"]
[EventType "team-tourn"]
[EventRounds "11"]
[EventCountry "CRO"]
[SourceTitle "EXT 2016"]
[Source "ChessBase"]
[SourceDate "2015.10.08"]
[SourceVersion "1"]
[SourceVersionDate "2015.10.08"]
[SourceQuality "1"]

1. d4 Nf6 2. c3 d6 3. Bg5 Nbd7 4. Nd2 h6 5. Bh4 e5 6. e3 Be7 7. Bd3 0-0 8. Rc1 Nh7 9. Bg3 f5 10. f4 e4 11. Bc4+ Kh8 12. Be6 Ndf6 13. Bxc8 Qxc8 14. h3 d5 15. a3 c5 16. dxc5 Qxc5 17. Qe2 Rac8 18. Nb3 Qb6 19. Nd4 Nd7 20. b4 a5 21. Qd2 g6 22. Nge2 Nhf6 23. 0-0 Rc4 24. Bf2 Rfc8 25. Rb1 a4 26. Kh1 Qa6 27. Rg1 Nf8 28. g4 Ne6 29. gxf5 Nxd4 30. Nxd4 Rxc3 31. Rxg6 Qc4 32. Rbg1 Rc1 33. Rxh6+ Nh7 34. Ne6 Rxg1+ 35. Bxg1 Bf6 36. Qd1 Bg7 37. Rh4 Kg8 38. Rg4 Rc7 39. Nxc7 Qxc7 40. Qxd5+ Kf8 41. Rg6 Nf6 42. Qe6 Qf7 43. Qc8+ Ne8 44. Re6 Qh5 45. Qc5+ Kg8 46. Rxe8+ Qxe8 47. Kh2 Qc6 48. Qe7 Bf6 49. Qe6+ Qxe6 50. fxe6 Bb2 51. Bf2 Bxa3 52. f5 Bb2 53. Bh4 a3 54. f6 a2 55. Bg5 a1Q 56. f7+ Kf8 57. Bh6+ Bg7 58. Bf4 Ke7 0-1